000 00708nam a2200253 a 4500
999 _c1583
_d1583
007 ta
008 200109s2013 ii a|||g u|||f00| 0 eng d
020 _cRs. 210.00
040 _aKO
_beng
041 0 _aeng
044 _aii
082 0 4 _223
_a623.86
_bIS10558:2013
110 2 _aBureau of Indian Standards
245 1 0 _aAluminium Shore Gangways - Specification
260 _aNew Delhi :
_bBureau of Indian Standards,
_c2013
300 _a[10] p. :
_bill. ;
_c30 cm.
490 0 _aIndian Standard ;
_vIS 10558 : 2013
650 0 _aOffshore structures
_vSpecifications
_zIndia
650 0 _aOffshore structures
_xStandards
_zIndia
904 _aRUDRA_R
905 _aR_RANJAN
942 _cRT